Autostrada A8 - węzły - Statystyki

Ogólne statystyki
  • Ten quiz został rozwiązany 101 razy
  • Średni wynik to 5 z 6
Statystyki odpowiedzi
Km Węzeł % Poprawnych
24 Wrocław Północ
95%
6 Wrocław Południe
88%
16 Wrocław Stadion
85%
8 Wrocław Zachód
85%
13 Wrocław Lotnisko
71%
28 Wrocław Psie Pole
58%
Nie znaleziono quizów pasujących do podanych kryteriów
Rozkład punktacji
Procent ludzi z każdym wynikiem
Percentyl według liczby udzielonych odpowiedzi
Twoja historia wyników
Nie rozwiązałeś tego quizu